Đạo hàm tiệm cận cấp 2 và ứng dụng : Luận văn tốt nghiệp cao học ngành: Toán giải tích

Đề tài nghiên cứu đạo hàm tiệm cận cấp 2 và ứng dụng đưa ra các điều kiện tối ưu cho các bài toán tối ưu đa trị có ràng buộc và bài toán bất đẳng thức biến phân vector yếu.

Kaydedildi:
Detaylı Bibliyografya
Yazar: Nguyễn, Thị Ngọc Tuyền
Materyal Türü: Kitap
Dil:Undetermined
Baskı/Yayın Bilgisi: Cần Thơ Trường Đại học Cần Thơ 2014
Konular:
Etiketler: Etiketle
Etiket eklenmemiş, İlk siz ekleyin!
Thư viện lưu trữ: Trung tâm Học liệu Trường Đại học Cần Thơ
LEADER 01064nam a2200217Ia 4500
001 CTU_192901
008 210402s9999 xx 000 0 und d
082 |a 515.252 
082 |b T527 
088 |a 604601 
100 |a Nguyễn, Thị Ngọc Tuyền 
245 0 |a Đạo hàm tiệm cận cấp 2 và ứng dụng : 
245 0 |b Luận văn tốt nghiệp cao học ngành: Toán giải tích 
245 0 |c Nguyễn Thị Ngọc Tuyền ; Lê Thanh Tùng (Cán bộ hướng dẫn) 
260 |a Cần Thơ 
260 |b Trường Đại học Cần Thơ 
260 |c 2014 
520 |a Đề tài nghiên cứu đạo hàm tiệm cận cấp 2 và ứng dụng đưa ra các điều kiện tối ưu cho các bài toán tối ưu đa trị có ràng buộc và bài toán bất đẳng thức biến phân vector yếu. 
650 |a Mathematical analysis,Toán giải tích 
910 |a Hải 
980 |a Trung tâm Học liệu Trường Đại học Cần Thơ